[Event "DEM U16 2010"]
[Site "Oberhof GER"]
[Date "2010.05.26"]
[Round "6"]
[White "Hampel, Felix"]
[Black "Mertens, Fridolin"]
[Result "0-1"]
[Termination "normal"]
[Board "6"]
[WhiteElo "2038"]
[BlackElo "1877"]
[PlyCount "114"]
[WhiteFideId "24668125"]
[BlackFideId "24671940"]
[EventCountry "GER"]
[EventRounds "9"]
[EventType "swiss"]
[EventDate "2010.05.22"]

1. d4 d5 2. Nf3 Nf6 3. e3 e6 4. Bd3 c5 5. c3 Nc6 6. O-O cxd4 7. exd4 Bd6 8. Bg5
h6 9. Bh4 O-O 10. Nbd2 Rb8 11. Re1 g5 12. Nxg5 hxg5 13. Bxg5 Kg7 14. Re3 Rh8
15. Nf1 Qc7 16. Ng3 Bf4 17. Bxf6+ Kxf6 18. Nh5+ Ke7 19. Qf3 Bg5 20. Re2 Bd7 21.
Ng3 Kf8 22. Rc2 Qf4 23. Qe2 Qh4 24. Nf1 Ke7 25. g3 Qh6 26. f4 Bf6 27. Ne3 Kd6
28. Rf1 Rbg8 29. Qf3 Qh5 30. Qg2 a6 31. Re1 Kc7 32. b4 Kb8 33. a4 Na7 34. b5
axb5 35. axb5 Qh3 36. Qf2 Bh4 37. Nf1 Bxb5 38. Bxb5 Nxb5 39. c4 dxc4 40. Rxc4
Be7 41. Ra1 Rc8 42. Rca4 Rc6 43. Qe2 Nc7 44. Qb2 Rh5 45. Ra7 Rb5 46. Ra8+ Nxa8
47. Qxb5 Nc7 48. Qb2 Nd5 49. Rd1 Qf5 50. Rd2 Rb6 51. Qa2 Qb1 52. Qa4 Rc6 53.
Kg2 Qe4+ 54. Kg1 Bb4 55. Rd1 Bc3 56. h3 Nb6 57. Qb5 Bxd4+ 0-1

[Event "DEM U16 2010"]
[Site "Oberhof GER"]
[Date "2010.05.26"]
[Round "6"]
[White "Friedrich, Wiede"]
[Black "Berchtenbreiter, Maximilian"]
[Result "1/2-1/2"]
[Termination "normal"]
[Board "7"]
[WhiteElo "2138"]
[BlackElo "2262"]
[PlyCount "70"]
[WhiteFideId "24629537"]
[BlackFideId "24641120"]
[EventCountry "GER"]
[EventRounds "9"]
[EventType "swiss"]
[EventDate "2010.05.22"]

1. e4 c5 2. Nf3 d6 3. d4 cxd4 4. Nxd4 Nf6 5. Nc3 a6 6. Bg5 Nbd7 7. Bc4 Qa5 8.
Qd2 e6 9. O-O Be7 10. Bb3 Nc5 11. Rfe1 h6 12. Be3 Qc7 13. f3 Bd7 14. Qf2 Rc8
15. Qg3 g5 16. Rad1 Rg8 17. Kh1 h5 18. Bxg5 Nfxe4 19. Nxe4 Nxe4 20. fxe4 Rxg5
21. Qf4 Qc5 22. Rf1 Rg7 23. Nf3 Bc6 24. Qh6 Rg6 25. Qh8+ Bf8 26. Nh4 Rh6 27.
Qg8 Rc7 28. Rf4 Qe5 29. Rdf1 Qg7 30. Qxg7 Bxg7 31. Nf3 Rg6 32. c3 Bb5 33. Rd1
Rg4 34. Rxg4 hxg4 35. Nd4 Bd7 1/2-1/2

[Event "DEM U16 2010"]
[Site "Oberhof GER"]
[Date "2010.05.26"]
[Round "6"]
[White "Pauly, Carlo"]
[Black "Wolf, Christoph"]
[Result "1/2-1/2"]
[Termination "normal"]
[Board "8"]
[WhiteElo "2040"]
[BlackElo "1980"]
[PlyCount "84"]
[WhiteFideId "24673269"]
[BlackFideId "24650633"]
[EventCountry "GER"]
[EventRounds "9"]
[EventType "swiss"]
[EventDate "2010.05.22"]

1. c4 c5 2. g3 g6 3. Bg2 Bg7 4. Nc3 Nc6 5. Nf3 e5 6. a3 Nge7 7. b4 d6 8. Rb1
Rb8 9. O-O O-O 10. bxc5 dxc5 11. d3 b6 12. Bd2 Bb7 13. Nb5 Nf5 14. Re1 Qe7 15.
Nc3 Ncd4 16. Nxd4 cxd4 17. Nd5 Qd7 18. Qb3 Rfe8 19. Bg5 h6 20. Bd2 Ne7 21.
Nxe7+ Qxe7 22. Bxb7 Rxb7 23. e4 dxe3 24. Rxe3 Rd7 25. Rbe1 Red8 26. Bc1 Qc5 27.
Bb2 h5 28. Bxe5 Bxe5 29. Rxe5 Rxd3 30. Qb2 Qd4 31. Qb4 Rd2 32. R5e3 Qf6 33.
R3e2 Rxe2 34. Rxe2 Qf3 35. Re1 h4 36. Qe7 Rd2 37. Qe8+ Kg7 38. Qe5+ Kh7 39. Qe3
Qxe3 40. Rxe3 h3 41. Kf1 Rd4 42. Re7 Kg7 1/2-1/2

[Event "DEM U16 2010"]
[Site "Oberhof GER"]
[Date "2010.05.26"]
[Round "6"]
[White "Hötte, Philipp"]
[Black "Hager, Joshua Aarash"]
[Result "0-1"]
[Termination "normal"]
[Board "9"]
[WhiteElo "1942"]
[BlackElo "2221"]
[PlyCount "52"]
[WhiteFideId "24696390"]
[BlackFideId "24642789"]
[EventCountry "GER"]
[EventRounds "9"]
[EventType "swiss"]
[EventDate "2010.05.22"]

1. e4 c5 2. Nc3 Nc6 3. f4 g6 4. Bb5 Nd4 5. Nf3 Bg7 6. O-O Nxb5 7. Nxb5 d5 8. e5
a6 9. Nc3 d4 10. Ne4 b6 11. d3 Nh6 12. a4 Qc7 13. a5 b5 14. b4 cxb4 15. Bb2 Nf5
16. Qd2 Ne3 17. Rf2 Nd5 18. Bxd4 O-O 19. Raf1 f5 20. exf6 exf6 21. f5 Bxf5 22.
Nh4 Bxe4 23. dxe4 Nc3 24. Bxf6 Bxf6 25. Rxf6 Qc5+ 26. Qf2 Rxf6 0-1

[Event "DEM U16 2010"]
[Site "Oberhof GER"]
[Date "2010.05.26"]
[Round "6"]
[White "Kropman, Alexei"]
[Black "Frischmann, Rick"]
[Result "1-0"]
[Termination "normal"]
[Board "11"]
[WhiteElo "1980"]
[BlackElo "1948"]
[PlyCount "89"]
[WhiteFideId "24670723"]
[BlackFideId "24660752"]
[EventCountry "GER"]
[EventRounds "9"]
[EventType "swiss"]
[EventDate "2010.05.22"]

1. e4 c5 2. Nf3 Nc6 3. d4 cxd4 4. Nxd4 d5 5. Bb5 dxe4 6. Nxc6 Qxd1+ 7. Kxd1 a6
8. Ba4 Bd7 9. Nc3 Bxc6 10. Bxc6+ bxc6 11. Nxe4 e5 12. Ke2 f5 13. Ng5 Be7 14.
Bd2 Nf6 15. Nf3 Nd5 16. Bc3 Bf6 17. Rhe1 O-O-O 18. Kf1 Rde8 19. Rad1 Re6 20.
Nd2 e4 21. Bxf6 Rxf6 22. Nc4 Kc7 23. Rd4 Nb6 24. Nxb6 Kxb6 25. Rd7 g5 26. Re3
c5 27. c4 Kc6 28. Rd5 Rb8 29. Ra3 Rxb2 30. Rxa6+ Rb6 31. Ra5 Kb7 32. Rdxc5 f4
33. Rab5 h6 34. Ke2 e3 35. fxe3 Rfe6 36. Rxb6+ Kxb6 37. Rb5+ Kc6 38. Rb3 Re4
39. Rc3 g4 40. Kf2 Kc5 41. exf4 Rxf4+ 42. Kg3 Rd4 43. Kh4 g3+ 44. Kxg3 Rd2 45.
Rf3 1-0

[Event "DEM U16 2010"]
[Site "Oberhof GER"]
[Date "2010.05.26"]
[Round "6"]
[White "Grzeca, Pascal"]
[Black "Kügel, Tobias"]
[Result "0-1"]
[Termination "normal"]
[Board "12"]
[WhiteElo "1887"]
[BlackElo "1939"]
[PlyCount "52"]
[WhiteFideId "24600741"]
[BlackFideId "4636295"]
[EventCountry "GER"]
[EventRounds "9"]
[EventType "swiss"]
[EventDate "2010.05.22"]

1. e4 Nf6 2. e5 Nd5 3. d4 d6 4. c4 Nb6 5. exd6 exd6 6. h3 Bf5 7. Nf3 Be7 8. Nc3
Nc6 9. a3 O-O 10. Be2 Bf6 11. Be3 d5 12. g4 Bg6 13. g5 Be7 14. c5 Nc4 15. Bxc4
dxc4 16. Qa4 Bh5 17. Qxc4 Bxf3 18. Rg1 Qd7 19. Rg3 Bh5 20. d5 Ne5 21. Qe4 f6
22. Bd4 Bg6 23. gxf6 Bxf6 24. Qe2 Rae8 25. Bxe5 Bxe5 26. Re3 Bd4 0-1

[Event "DEM U16 2010"]
[Site "Oberhof GER"]
[Date "2010.05.26"]
[Round "6"]
[White "Planner, Jörg"]
[Black "Brodmann, Anton"]
[Result "1-0"]
[Termination "normal"]
[Board "13"]
[WhiteElo "1696"]
[BlackElo "1844"]
[PlyCount "77"]
[WhiteFideId "1270978"]
[BlackFideId "24655481"]
[EventCountry "GER"]
[EventRounds "9"]
[EventType "swiss"]
[EventDate "2010.05.22"]

1. e4 e6 2. d4 d5 3. Nc3 Nf6 4. e5 Nfd7 5. Nce2 c5 6. c3 Qb6 7. f4 Nc6 8. Nf3
Be7 9. a3 a5 10. h4 f6 11. Rh3 cxd4 12. cxd4 h6 13. Qc2 Nf8 14. Be3 Bd7 15. Nc3
f5 16. Rc1 Rc8 17. Na4 Qd8 18. Bb5 Na7 19. Bxd7+ Nxd7 20. Qe2 O-O 21. Rxc8 Nxc8
22. Nc5 Nxc5 23. dxc5 Na7 24. b4 axb4 25. axb4 Nc6 26. Nd4 Nxd4 27. Bxd4 Bxh4+
28. g3 Be7 29. g4 b6 30. g5 bxc5 31. Qa6 Qd7 32. bxc5 hxg5 33. Rb3 gxf4 34. Rb7
Bh4+ 35. Kd2 Qc8 36. Qa7 Qxb7 37. Qxb7 f3 38. c6 f2 39. Ke2 1-0

[Event "DEM U16 2010"]
[Site "Oberhof GER"]
[Date "2010.05.26"]
[Round "6"]
[White "Braun, Georg"]
[Black "Schmitz, Stefan"]
[Result "1-0"]
[Termination "normal"]
[Board "14"]
[WhiteElo "2074"]
[BlackElo "1908"]
[PlyCount "91"]
[WhiteFideId "24629383"]
[BlackFideId "4625730"]
[EventCountry "GER"]
[EventRounds "9"]
[EventType "swiss"]
[EventDate "2010.05.22"]

1. e4 e5 2. Nf3 Nc6 3. Bb5 a6 4. Ba4 Nf6 5. O-O Be7 6. Re1 b5 7. Bb3 O-O 8. h3
d6 9. c3 Be6 10. Bxe6 fxe6 11. d4 exd4 12. cxd4 d5 13. Ng5 Qd7 14. e5 Ne8 15.
Qg4 Nd8 16. f4 c5 17. Be3 cxd4 18. Bxd4 h6 19. Nf3 Nc6 20. Nbd2 Bb4 21. Rad1
Rf5 22. a3 Qf7 23. Be3 d4 24. Nxd4 Nxd4 25. axb4 Nc2 26. Qf3 Nxe1 27. Qxa8 Nc2
28. Bc5 Rxf4 29. Ne4 Kh7 30. Nd6 Nxd6 31. exd6 Qh5 32. Rd2 Nxb4 33. Bxb4 Rxb4
34. Qf3 Qc5+ 35. Qf2 Qc1+ 36. Kh2 Qc6 37. d7 Qc7+ 38. g3 Rxb2 39. Rxb2 Qxd7 40.
Qc2+ Kh8 41. Qe4 Qd6 42. Rc2 Kg8 43. Rc8+ Kf7 44. Qf4+ Ke7 45. Qf8+ Kd7 46.
Rd8+ 1-0

[Event "DEM U16 2010"]
[Site "Oberhof GER"]
[Date "2010.05.27"]
[Round "7"]
[White "Bräuer, Franz"]
[Black "Dünzel, Jonas"]
[Result "1/2-1/2"]
[Termination "normal"]
[Board "1"]
[WhiteElo "1993"]
[BlackElo "2037"]
[PlyCount "113"]
[WhiteFideId "24634468"]
[BlackFideId "24631167"]
[EventCountry "GER"]
[EventRounds "9"]
[EventType "swiss"]
[EventDate "2010.05.22"]

1. Nf3 Nf6 2. g3 c5 3. Bg2 Nc6 4. O-O g6 5. d3 Bg7 6. e4 d5 7. Nbd2 O-O 8. c3
e6 9. Re1 b6 10. Qa4 Bb7 11. Nf1 dxe4 12. dxe4 Qe7 13. Ne3 Nd7 14. Nc4 Nde5 15.
Nfxe5 Nxe5 16. Bf4 Nxc4 17. Qxc4 Rfd8 18. a4 Bc6 19. h4 Qb7 20. Red1 h6 21. Kh2
Rd7 22. a5 Rad8 23. Rxd7 Rxd7 24. Rc1 Bf8 25. axb6 axb6 26. Qe2 b5 27. b4 c4
28. f3 Bg7 29. Bf1 Rd3 30. Qe1 Rxf3 31. Be2 Rxf4 32. gxf4 Bxe4 33. Rd1 Qc7 34.
Qd2 Bf6 35. Qe3 Bf5 36. Bf3 g5 37. hxg5 hxg5 38. Rg1 Bg6 39. Kh1 Qxf4 40. Qxf4
gxf4 41. Rc1 Bg5 42. Rg1 Bf6 43. Rc1 Bd3 44. Bc6 e5 45. Bxb5 f3 46. Bc6 e4 47.
b5 f2 48. Kg2 Bxc3 49. Kxf2 Bd4+ 50. Kg3 e3 51. Kf3 e2 52. Re1 Bc3 53. Rxe2
Bxe2+ 54. Kxe2 Bd4 55. Bd5 c3 56. Kd3 Be5 57. b6 1/2-1/2

[Event "DEM U16 2010"]
[Site "Oberhof GER"]
[Date "2010.05.27"]
[Round "7"]
[White "Mertens, Fridolin"]
[Black "Kotainy, Jens"]
[Result "1/2-1/2"]
[Termination "normal"]
[Board "2"]
[WhiteElo "1877"]
[BlackElo "2243"]
[PlyCount "172"]
[WhiteFideId "24671940"]
[BlackFideId "24670499"]
[EventCountry "GER"]
[EventRounds "9"]
[EventType "swiss"]
[EventDate "2010.05.22"]

1. e4 e6 2. d4 d5 3. exd5 exd5 4. Nf3 Nf6 5. Bf4 Be7 6. Bd3 O-O 7. O-O c5 8.
dxc5 Bxc5 9. c3 Nc6 10. Qc2 Re8 11. Nbd2 Bg4 12. Rae1 Qb6 13. Bg3 a5 14. a4 Bh5
15. h3 Bg6 16. Bxg6 hxg6 17. Nb3 Ne4 18. Nxc5 Qxc5 19. Bf4 Qc4 20. Nd2 Nxd2 21.
Qxd2 Qxa4 22. Bc7 Qb5 23. Bf4 a4 24. Rxe8+ Rxe8 25. Be3 Na5 26. Qd1 Nc4 27. Bc1
Re5 28. Re1 Rxe1+ 29. Qxe1 Nxb2 30. Bxb2 Qxb2 31. Qe8+ Kh7 32. Qxa4 g5 33. Qa5
b5 34. g3 Qb1+ 35. Kg2 Qe4+ 36. Kg1 Qb1+ 37. Kg2 Qe4+ 38. Kg1 Qd3 39. Qb4 Qc4
40. Qb2 d4 41. cxd4 b4 42. Qb1+ g6 43. d5 b3 44. d6 Qc2 45. Qf1 Qf5 46. Qd1 b2
47. d7 b1=Q 48. d8=Q Qxd1+ 49. Qxd1 Qxh3 50. Qf3 Qe6 51. Kg2 g4 52. Qf4 f5 53.
Qc7+ Kh6 54. Qc1+ g5 55. Qh1+ Kg6 56. Qb1 Qc6+ 57. Kg1 Qc5 58. Kg2 Qd4 59. Qc2
Kf6 60. Qc6+ Ke7 61. Qc7+ Ke6 62. Qc6+ Qd6 63. Qe8+ Qe7 64. Qc6+ Kf7 65. Qc4+
Qe6 66. Qc7+ Kg6 67. Qc2 Kh7 68. Qc1 Qe4+ 69. Kg1 f4 70. Qd1 Kh6 71. Qa1 Qe8
72. Kg2 Qe4+ 73. Kg1 Qe8 74. Qb1 Qe7 75. Kg2 Qf7 76. Qe1 Qd5+ 77. Kg1 Kg6 78.
Qb1+ Kf6 79. Qa1+ Qe5 80. Qa6+ Kg7 81. Qb7+ Kg6 82. Qb1+ Kh6 83. Qb6+ Kh5 84.
Qb1 Qc7 85. Qe1 Qd7 86. gxf4 gxf4 1/2-1/2

[Event "DEM U16 2010"]
[Site "Oberhof GER"]
[Date "2010.05.27"]
[Round "7"]
[White "Müller, Tobias"]
[Black "Miller, Eduard"]
[Result "0-1"]
[Termination "normal"]
[Board "3"]
[WhiteElo "1998"]
[BlackElo "2033"]
[PlyCount "98"]
[WhiteFideId "24643394"]
[BlackFideId "24687022"]
[EventCountry "GER"]
[EventRounds "9"]
[EventType "swiss"]
[EventDate "2010.05.22"]

1. e4 e5 2. Nf3 d6 3. d4 exd4 4. Bc4 Nf6 5. Ng5 d5 6. exd5 Bb4+ 7. c3 Qe7+ 8.
Be2 dxc3 9. bxc3 Bc5 10. O-O O-O 11. Nf3 Rd8 12. c4 c6 13. Nc3 Bb4 14. Bb2 Bxc3
15. Bxc3 cxd5 16. Bxf6 Qxf6 17. cxd5 b6 18. Bc4 Bb7 19. Qe2 Nd7 20. Rfe1 h6 21.
Qe7 Ne5 22. Qxf6 gxf6 23. Rad1 Rd7 24. Nh4 Rad8 25. Nf5 Kf8 26. d6 Be4 27. Nxh6
Rxd6 28. Rxd6 Rxd6 29. f3 Bg6 30. Ng4 Bf5 31. Kf2 Be6 32. Rc1 f5 33. Ne3 f4 34.
Nf1 Nd3+ 35. Bxd3 Rxd3 36. Rc2 Ra3 37. Ke2 b5 38. Kd2 Bc4 39. Ke1 Bxa2 40. Nd2
a5 41. Rb2 b4 42. g3 Bd5 43. gxf4 Bxf3 44. Nc4 Ra1+ 45. Kf2 Bd5 46. Nxa5 Rxa5
47. Rxb4 Ra3 48. Rd4 Ba8 49. Rc4 f5 0-1

[Event "DEM U16 2010"]
[Site "Oberhof GER"]
[Date "2010.05.27"]
[Round "7"]
[White "Sarchisov, Slavik"]
[Black "Göbel, Constantin"]
[Result "1/2-1/2"]
[Termination "normal"]
[Board "4"]
[WhiteElo "2102"]
[BlackElo "2011"]
[PlyCount "57"]
[WhiteFideId "24647888"]
[BlackFideId "24647071"]
[EventCountry "GER"]
[EventRounds "9"]
[EventType "swiss"]
[EventDate "2010.05.22"]

1. e4 c5 2. Nf3 Nc6 3. d4 cxd4 4. Nxd4 e5 5. Nb5 d6 6. c4 Be7 7. N1c3 a6 8. Na3
f5 9. exf5 Bxf5 10. Nc2 Nf6 11. Ne3 Be6 12. g3 O-O 13. Bg2 Qd7 14. O-O Bh3 15.
Ncd5 Bd8 16. b3 Nd4 17. Nxf6+ Rxf6 18. Nd5 Rf8 19. Be3 Bxg2 20. Kxg2 Nf3 21. h3
Qf5 22. Nc3 Nd4 23. Bxd4 exd4 24. Nd5 d3 25. Qg4 Qxg4 26. hxg4 b5 27. cxb5 axb5
28. Rfd1 Re8 29. Rxd3 1/2-1/2

[Event "DEM U16 2010"]
[Site "Oberhof GER"]
[Date "2010.05.27"]
[Round "7"]
[White "Wenninger, Philipp"]
[Black "Titgemeyer, Sven"]
[Result "1/2-1/2"]
[Termination "normal"]
[Board "5"]
[WhiteElo "1996"]
[BlackElo "1957"]
[PlyCount "43"]
[WhiteFideId "4648404"]
[BlackFideId "24676934"]
[EventCountry "GER"]
[EventRounds "9"]
[EventType "swiss"]
[EventDate "2010.05.22"]

1. d4 d5 2. c4 c6 3. Nf3 Nf6 4. Nc3 e6 5. Bg5 h6 6. Bh4 g5 7. Bg3 dxc4 8. e4 b5
9. e5 Nd5 10. Ne4 Nd7 11. h4 g4 12. Nfd2 h5 13. Be2 Be7 14. a4 Bb7 15. O-O a6
16. Qc2 c5 17. dxc5 Nxc5 18. Nxc5 Bxc5 19. Rfd1 Nb4 20. Qc3 Nd5 21. Qc2 Nb4 22.
Qc3 1/2-1/2

[Event "DEM U16 2010"]
[Site "Oberhof GER"]
[Date "2010.05.27"]
[Round "7"]
[White "Berchtenbreiter, Maximilian"]
[Black "Kropman, Alexei"]
[Result "1-0"]
[Termination "normal"]
[Board "6"]
[WhiteElo "2262"]
[BlackElo "1980"]
[PlyCount "77"]
[WhiteFideId "24641120"]
[BlackFideId "24670723"]
[EventCountry "GER"]
[EventRounds "9"]
[EventType "swiss"]
[EventDate "2010.05.22"]

1. d4 d5 2. c4 c6 3. e3 Nf6 4. Nf3 a6 5. Bd3 b5 6. b3 Bg4 7. Nbd2 g6 8. Qc2
Bxf3 9. Nxf3 Bg7 10. O-O O-O 11. a4 bxc4 12. bxc4 a5 13. Rb1 Na6 14. Bd2 c5 15.
cxd5 Nb4 16. Bxb4 cxb4 17. e4 Rc8 18. Qd2 Qb6 19. h3 Rc7 20. Rfc1 Rfc8 21. Rxc7
Qxc7 22. Rb2 Qc1+ 23. Kh2 Bh6 24. Qxc1 Bxc1 25. Rc2 Rxc2 26. Bxc2 Bb2 27. Kg1
Nd7 28. Kf1 Nb6 29. Bb3 Kf8 30. Ke2 f6 31. Kd3 Bc3 32. g4 g5 33. e5 fxe5 34.
Nxe5 Ke8 35. f3 h6 36. Nc6 Kd7 37. Nxa5 Kd6 38. Nb7+ Kc7 39. Nc5 1-0

[Event "DEM U16 2010"]
[Site "Oberhof GER"]
[Date "2010.05.27"]
[Round "7"]
[White "Hager, Joshua Aarash"]
[Black "Pauly, Carlo"]
[Result "0-1"]
[Termination "normal"]
[Board "7"]
[WhiteElo "2221"]
[BlackElo "2040"]
[PlyCount "90"]
[WhiteFideId "24642789"]
[BlackFideId "24673269"]
[EventCountry "GER"]
[EventRounds "9"]
[EventType "swiss"]
[EventDate "2010.05.22"]

1. d4 Nf6 2. c4 c5 3. d5 e5 4. Nc3 d6 5. e4 Nbd7 6. Bd3 Be7 7. Be3 O-O 8. g4
Ne8 9. Qd2 Nc7 10. a4 Re8 11. Nf3 Na6 12. g5 Nb4 13. h4 Nf8 14. Rg1 Nxd3+ 15.
Qxd3 Ng6 16. Kd2 Nf4 17. Bxf4 exf4 18. Kc2 Bf8 19. Qd2 g6 20. Qxf4 a6 21. h5
Bg7 22. hxg6 hxg6 23. Rh1 Bd7 24. Rh4 b5 25. Rah1 b4 26. Qh2 f5 27. Rh7 Qe7 28.
e5 bxc3 29. e6 Bxe6 30. dxe6 Qxe6 31. Rxg7+ Kxg7 32. Qh6+ Kf7 33. Qh7+ Kf8 34.
Qh8+ Ke7 35. Rh7+ Kd8 36. Qxc3 Qe4+ 37. Kb3 Rb8+ 38. Ka2 Qc6 39. Qa5+ Qb6 40.
Qd2 Qb3+ 41. Kb1 Kc8 42. Rh3 f4 43. a5 Rb4 44. Ka1 Ra4+ 45. Kb1 Qa2+ 0-1

[Event "DEM U16 2010"]
[Site "Oberhof GER"]
[Date "2010.05.27"]
[Round "7"]
[White "Zimmermann, Ulrich"]
[Black "Friedrich, Wiede"]
[Result "0-1"]
[Termination "normal"]
[Board "8"]
[WhiteElo "2022"]
[BlackElo "2138"]
[PlyCount "144"]
[WhiteFideId "24654523"]
[BlackFideId "24629537"]
[EventCountry "GER"]
[EventRounds "9"]
[EventType "swiss"]
[EventDate "2010.05.22"]

1. e4 c5 2. c3 d5 3. exd5 Qxd5 4. d4 Nf6 5. Nf3 Nc6 6. Be2 cxd4 7. cxd4 Bf5 8.
Nc3 Qa5 9. d5 O-O-O 10. O-O Nxd5 11. Qb3 e6 12. Nxd5 Rxd5 13. Bc4 Rd8 14. a3
Kb8 15. Be3 Bc5 16. Bf4+ Bd6 17. Be3 Ka8 18. Rac1 Rc8 19. Rfd1 Rhd8 20. Be2 Be4
21. Ng5 Bd5 22. Qd3 Qc7 23. g3 h6 24. Ne4 Be7 25. b4 Qe5 26. Nc5 Bxc5 27. Bxc5
Qe4 28. Qxe4 Bxe4 29. f3 Rxd1+ 30. Rxd1 Bd5 31. Kf2 Rd8 32. Bb5 Ne5 33. Be2 b6
34. Be3 Kb7 35. f4 Nc6 36. Bc1 f6 37. Bb2 Bb3 38. Rxd8 Nxd8 39. g4 Nf7 40. Bd3
Kc6 41. h4 Kd5 42. Ke3 Bd1 43. g5 hxg5 44. hxg5 fxg5 45. fxg5 e5 46. g6 Nh8 47.
Be4+ Ke6 48. Kd3 Bh5 49. Kc4 Bxg6 50. Bf3 Kd6 51. a4 Be8 52. b5 Bf7+ 53. Kb4
Bd5 54. Bg4 Ng6 55. a5 Nf4 56. Ba3 Nd3+ 57. Kc3+ Nc5 58. axb6 axb6 59. Bf5 g5
60. Bc1 Be6 61. Bc2 g4 62. Be3 g3 63. Kd2 Bc4 64. Bg1 Bxb5 65. Ke3 Bc6 66. Bb1
b5 67. Ba2 b4 68. Bb1 b3 69. Kd2 g2 70. Kc3 Be4 71. Bxe4 Nxe4+ 72. Kxb3 Nd2+
0-1

[Event "DEM U16 2010"]
[Site "Oberhof GER"]
[Date "2010.05.27"]
[Round "7"]
[White "Wolf, Christoph"]
[Black "Mons, Leon"]
[Result "1/2-1/2"]
[Termination "normal"]
[Board "9"]
[WhiteElo "1980"]
[BlackElo "2167"]
[PlyCount "36"]
[WhiteFideId "24650633"]
[BlackFideId "4614950"]
[EventCountry "GER"]
[EventRounds "9"]
[EventType "swiss"]
[EventDate "2010.05.22"]

1. d4 Nf6 2. c4 g6 3. Nc3 Bg7 4. e4 d6 5. Nf3 O-O 6. Be2 e5 7. O-O Nc6 8. d5
Ne7 9. Ne1 Nd7 10. Nd3 f5 11. Bd2 Nf6 12. f3 f4 13. c5 g5 14. Rc1 Ng6 15. cxd6
cxd6 16. Nb5 Qb6+ 17. Nf2 Bd7 18. a4 Bxb5 1/2-1/2

[Event "DEM U16 2010"]
[Site "Oberhof GER"]
[Date "2010.05.27"]
[Round "7"]
[White "Kügel, Tobias"]
[Black "Hampel, Felix"]
[Result "1-0"]
[Termination "normal"]
[Board "10"]
[WhiteElo "1939"]
[BlackElo "2038"]
[PlyCount "63"]
[WhiteFideId "4636295"]
[BlackFideId "24668125"]
[EventCountry "GER"]
[EventRounds "9"]
[EventType "swiss"]
[EventDate "2010.05.22"]

1. e4 c5 2. c4 Nc6 3. Ne2 Nd4 4. Nxd4 cxd4 5. d3 e5 6. f4 d6 7. Nd2 Ne7 8. Nf3
g6 9. Be2 Bg7 10. O-O O-O 11. c5 dxc5 12. Nxe5 Bxe5 13. fxe5 Nc6 14. Bf4 Qc7
15. Qe1 Nxe5 16. Qg3 f6 17. Bd1 Nf7 18. Bh5 Kg7 19. Rae1 Ne5 20. Bd1 Bd7 21.
Bb3 Rac8 22. Rf2 b5 23. Bd5 a5 24. Ref1 Rce8 25. Qh4 h5 26. Qg3 Qd6 27. b3 g5
28. Bxg5 fxg5 29. Qxg5+ Ng6 30. Rf7+ Rxf7 31. Rxf7+ Kg8 32. Qh6 1-0

[Event "DEM U16 2010"]
[Site "Oberhof GER"]
[Date "2010.05.27"]
[Round "7"]
[White "Planner, Jörg"]
[Black "Mirke, Roy"]
[Result "0-1"]
[Termination "normal"]
[Board "11"]
[WhiteElo "1696"]
[BlackElo "1797"]
[PlyCount "69"]
[WhiteFideId "1270978"]
[BlackFideId "24647306"]
[EventCountry "GER"]
[EventRounds "9"]
[EventType "swiss"]
[EventDate "2010.05.22"]

1. e4 e6 2. d4 d5 3. Nc3 Nf6 4. e5 Nfd7 5. Nce2 c5 6. c3 Nc6 7. f4 b6 8. Nf3
Be7 9. Ng3 Bb7 10. Bd3 Qc7 11. O-O g6 12. f5 exf5 13. Bf4 Nf8 14. Rc1 c4 15.
Bc2 Ne6 16. Ne2 O-O-O 17. b3 Na5 18. b4 Nc6 19. a4 a6 20. Bg3 h6 21. h4 Rdg8
22. Rf2 Nb8 23. a5 b5 24. h5 Nd7 25. Nd2 Ndf8 26. Nf1 Qd8 27. Bh2 Bc6 28. Kh1
Bg5 29. Ra1 Bd7 30. Nf4 Bxf4 31. Bxf4 Qh4+ 32. Kg1 Nxf4 33. g3 gxh5 34. Rg2 Qh3
35. gxf4 0-1

[Event "DEM U16 2010"]
[Site "Oberhof GER"]
[Date "2010.05.27"]
[Round "7"]
[White "Brodmann, Anton"]
[Black "Hötte, Philipp"]
[Result "0-1"]
[Termination "normal"]
[Board "12"]
[WhiteElo "1844"]
[BlackElo "1942"]
[PlyCount "80"]
[WhiteFideId "24655481"]
[BlackFideId "24696390"]
[EventCountry "GER"]
[EventRounds "9"]
[EventType "swiss"]
[EventDate "2010.05.22"]

1. b3 Nf6 2. Bb2 d5 3. e3 Bf5 4. f4 e6 5. Nf3 Nbd7 6. Bd3 Ne4 7. O-O Bc5 8. Nd4
Ndf6 9. Nxf5 exf5 10. Nc3 Qd7 11. Na4 Be7 12. Be2 O-O 13. Bf3 Rfe8 14. Re1 Qe6
15. Rc1 c6 16. a3 Nc5 17. Nc3 Rad8 18. Ne2 Nfe4 19. Nd4 Qc8 20. b4 Na4 21. Ba1
Nb6 22. g4 Bh4 23. Rf1 fxg4 24. Bxg4 Qc7 25. Nf5 Bf6 26. Bxf6 Nxf6 27. Kh1 g6
28. Nd4 Nc4 29. Rg1 Ne4 30. Rg2 Qe7 31. Qe1 Ncxd2 32. f5 g5 33. Bh5 Nc4 34. h4
h6 35. hxg5 Nxg5 36. Bf3 Qxe3 37. Qh4 Qxc1+ 38. Rg1 Qd2 39. Qxh6 Re1 40. Qh4
Rxg1+ 0-1

[Event "DEM U16 2010"]
[Site "Oberhof GER"]
[Date "2010.05.27"]
[Round "7"]
[White "Schmitz, Stefan"]
[Black "Grzeca, Pascal"]
[Result "0-1"]
[Termination "normal"]
[Board "13"]
[WhiteElo "1908"]
[BlackElo "1887"]
[PlyCount "62"]
[WhiteFideId "4625730"]
[BlackFideId "24600741"]
[EventCountry "GER"]
[EventRounds "9"]
[EventType "swiss"]
[EventDate "2010.05.22"]

1. e4 e5 2. Nf3 Nc6 3. d4 exd4 4. Bc4 Nf6 5. e5 d5 6. Bb5 Ne4 7. Nxd4 Bc5 8.
Bxc6+ bxc6 9. Be3 Bxd4 10. Bxd4 c5 11. Be3 Ba6 12. c3 Rb8 13. b3 O-O 14. f3
Nxc3 15. Nxc3 d4 16. Bxd4 cxd4 17. Ne4 Re8 18. f4 f6 19. Qh5 fxe5 20. f5 Qd5
21. Qg4 Rb6 22. f6 g6 23. Qh4 Qa5+ 24. Kf2 Rf8 25. Rhc1 Rf7 26. Kg3 Bb7 27. Rc5
Rb5 28. Rac1 Rxc5 29. Rxc5 Qe1+ 30. Nf2 Qe3+ 31. Kg4 Bc8# 0-1

[Event "DEM U16 2010"]
[Site "Oberhof GER"]
[Date "2010.05.27"]
[Round "7"]
[White "Frischmann, Rick"]
[Black "Braun, Georg"]
[Result "0-1"]
[Termination "normal"]
[Board "14"]
[WhiteElo "1948"]
[BlackElo "2074"]
[PlyCount "92"]
[WhiteFideId "24660752"]
[BlackFideId "24629383"]
[EventCountry "GER"]
[EventRounds "9"]
[EventType "swiss"]
[EventDate "2010.05.22"]

1. e4 c5 2. d4 cxd4 3. c3 dxc3 4. Nxc3 Nc6 5. Nf3 e6 6. Bc4 d6 7. O-O Be7 8.
Qe2 Nf6 9. Rd1 e5 10. Be3 O-O 11. b4 Be6 12. Bxe6 fxe6 13. b5 Na5 14. Nxe5 Qc8
15. Rac1 dxe5 16. Nd5 exd5 17. Rxc8 Rfxc8 18. exd5 Nc4 19. g4 Nxe3 20. Qxe3 Bd6
21. g5 Nd7 22. h4 Rf8 23. Rc1 Rf4 24. Qh3 Nc5 25. h5 Raf8 26. h6 R8f5 27. hxg7
Rxg5+ 28. Kf1 Rgf5 29. Rc2 Kxg7 30. Qg3+ Kf7 31. Qe3 Kg6 32. Rxc5 Rf3 33. Qe4
Bxc5 34. Qg4+ Kf7 35. Qh4 Rxf2+ 36. Ke1 Rf1+ 37. Ke2 R5f2+ 38. Kd3 Rf3+ 39. Kc2
R1f2+ 40. Kd1 Rf1+ 41. Kc2 R3f2+ 42. Kb3 Rb1+ 43. Kc3 Bd4+ 44. Kc4 Rc1+ 45. Kb4
Bc5+ 46. Kb3 Rf3+ 0-1